Maantiedettä kirjaimittain - P - Statistics

Yleistilastot
  • Tätä visaa on pelattu 1 616 kertaa
  • Keskiarvotulos 15 / 24
Vastaustilastot
Vihje Vastaus % Oikein
Ranskan pääkaupunki Pariisi
100%
Yhdistyneen kuningaskunnan valuutta Punta
96%
Varsova on tämän valtion pääkaupunki Puola
96%
Brasilian puhutuin kieli Portugali
94%
Maapallon eteläiseen ja pohjoiseen pallonpuoliskoon jakava viiva Päiväntasaaja
92%
Kiinan pääkaupunki Peking
91%
Länsirannasta ja Gazan kaistasta koostuva osittain tunnustettu maa Palestiina
85%
Osavaltio Yhdysvaltain koillisosassa Pennsylvania
76%
Meksikon valuutta Peso
76%
Patsaistaan tunnettu syrjäinen saari Oseaniassa Pääsiäissaari
73%
Atlantin ja Tyynenmeren yhdistävä kanava Panaman kanava
70%
Ranskan ja Espanjan rajalla sijaitseva vuoristo Pyreneet
65%
Iranin entinen nimi Persia
63%
Länsi-Australian suurin kaupunki Perth
61%
Vesuviuksen tuhoama roomalaisaikainen kaupunki Pompeji
61%
Karibianmerellä sijaitseva Yhdysvaltain suurin territorio Puerto Rico
46%
Tunnettu muinainen kaupunki Jordaniassa Petra
41%
Tunnettu vuori Kapkaupungissa ja yleisnimitys vastaavanlaisille vuorille Pöytävuori
41%
Böömin suurin kaupunki Praha
41%
Härkäjuoksusta tunnettu kaupunki Espanjassa Pamplona
39%
Tunnettu temppeli Ateenan Akropoliksella Parthenon
34%
Argentiinan ja Chilen eteläosissa sijaitseva alue Patagonia
34%
Oseanian osa-alue, jossa yllä oleva sijaitsee Polynesia
34%
Pakistanin itäosissa ja Intian pohjoisosissa sijaitseva alue Punjab
22%
Ehtoja vastaavia visoja ei löytynyt
Tulosjakauma
Jokaisen tuloksen saaneiden osuus
Persentiili vastausten määrän mukaan
Tuloshistoriasi
Et ole pelannut tätä visaa